Loading...
Fine Arts - Classical Music | 0 | 15 | 1 | 1 | 145 | 58 | 92.87 | 7 | 9 |
Science - Chemistry | 0 | 12 | 2 | 1 | 110 | 35 | 77.17 | 4 | 7 |
Literature - World Literature | 0 | 9 | 0 | 2 | 90 | 74 | 113.11 | 2 | 4 |
Science - Biology | 0 | 9 | 1 | 1 | 85 | 53 | 94.22 | 1 | 1 |
Science - Other Science | 0 | 8 | 1 | 2 | 75 | 50 | 94.00 | 0 | 2 |
Literature - European Literature | 0 | 9 | 4 | 0 | 70 | 50 | 93.44 | 2 | 3 |
Science - Physics | 0 | 8 | 5 | 1 | 55 | 46 | 79.63 | 2 | 3 |
Literature - British Literature | 0 | 6 | 1 | 0 | 55 | 59 | 104.17 | 0 | 2 |
Social Science | 0 | 3 | 0 | 2 | 30 | 119 | 127.33 | 0 | 0 |
Fine Arts - Other Fine Arts | 0 | 3 | 0 | 1 | 30 | 77 | 112.67 | 0 | 0 |
Literature - American Literature | 0 | 3 | 2 | 0 | 20 | 107 | 114.67 | 0 | 1 |
Philosophy | 0 | 2 | 1 | 1 | 15 | 105 | 119.00 | 0 | 0 |
Current Events | 0 | 1 | 0 | 0 | 10 | 132 | 132.00 | 0 | 0 |
Any History | 0 | 1 | 0 | 1 | 10 | 147 | 147.00 | 1 | 1 |
Painting & Sculpture | 0 | 1 | 1 | 0 | 5 | 72 | 72.00 | 0 | 0 |
History - American History | 0 | 1 | 1 | 0 | 5 | 67 | 67.00 | 0 | 0 |